Thames Gateway consultation launched (Record no. 73821)

MARC details
000 -LEADER
fixed length control field 01097cam a2200217 4500
001 - CONTROL NUMBER
control field WB3944-20
008 - FIXED-LENGTH DATA ELEMENTS--GENERAL INFORMATION
fixed length control field 031120n2003 000 0 eng u
035 ## - SYSTEM CONTROL NUMBER
System control number (Sirsi) u124396
245 ## - TITLE STATEMENT
Title Thames Gateway consultation launched
260 ## - PUBLICATION, DISTRIBUTION, ETC.
Date of publication, distribution, etc. 2003
490 ## - SERIES STATEMENT
Series statement ODPM Communities Plan
Volume/sequential designation 17 November 2003 (28)
520 ## - SUMMARY, ETC.
Summary, etc. This ODPM consultation paper "Sustainable communities: an Urban Development Corporation for the London Thames Gateway - a consultation paper" sets out the options for the area of the London Thames Gateway. It also describes the powers of the new Urban Development Corporation and the composition of the board required to ensure it delivers sustainable regeneration. Responses are required by 6 February 2004. Copies of the paper are available at http://www.odpm.gov.uk/stellent/groups/odpm_urbanpolicy/documents/page/odpm_urbpol_025760.pdf
590 ## - LOCAL NOTE (RLIN)
Local note WB
650 ## - SUBJECT ADDED ENTRY--TOPICAL TERM
Topical term or geographic name entry element URBAN DEVELOPMENT CORPORATIONS
650 ## - SUBJECT ADDED ENTRY--TOPICAL TERM
Topical term or geographic name entry element THAMES GATEWAY
650 ## - SUBJECT ADDED ENTRY--TOPICAL TERM
Topical term or geographic name entry element LONDON
650 ## - SUBJECT ADDED ENTRY--TOPICAL TERM
Topical term or geographic name entry element CONSULTATION PAPERS
650 ## - SUBJECT ADDED ENTRY--TOPICAL TERM
Topical term or geographic name entry element SUSTAINABLE COMMUNITIES
690 ## - LOCAL SUBJECT ADDED ENTRY--TOPICAL TERM (OCLC, RLIN)
Topical term or geographic name as entry element REGENERATION
942 ## - ADDED ENTRY ELEMENTS (KOHA)
Suppress in OPAC 0
Holdings
Withdrawn status Lost status Source of classification or shelving scheme Damaged status Not for loan Home library Current library Shelving location Date acquired Total Checkouts Full call number Barcode Date last seen Copy number Price effective from Koha item type
    Dewey Decimal Classification     London London News article 20/11/2003   WB3944-20 124396-1001 06/08/2019 1 06/08/2019 News article